Novelizácia zákona č.222/1992 Zb. o dani z pridanej hodnoty
Text novelizácie zákona č.222/1992 Zb. o dani z pridanej hodnoty (s komentárom a príkladom) na základe XXII. článku zákona NR SR č.374/1994 Z.z. o niektorých opatreniach na zabezpečenie hospodárenia SR v roku 1995.
Enregistré dans:
| Auteur principal: | |
|---|---|
| Format: | Chapitre de livre |
| Langue: | slovaque |
| Sujets: | |
| Tags: |
Pas de tags, Soyez le premier à ajouter un tag!
|
MARC
| LEADER | 00000naa a2200000 4500 | ||
|---|---|---|---|
| 001 | r024962 | ||
| 005 | 20221213100135.3 | ||
| 041 | 0 | |a slo | |
| 044 | |a SK | ||
| 245 | 1 | 0 | |a Novelizácia zákona č.222/1992 Zb. o dani z pridanej hodnoty |c Ján Minársky |
| 520 | |a Text novelizácie zákona č.222/1992 Zb. o dani z pridanej hodnoty (s komentárom a príkladom) na základe XXII. článku zákona NR SR č.374/1994 Z.z. o niektorých opatreniach na zabezpečenie hospodárenia SR v roku 1995. | ||
| 610 | 2 | 0 | |a dane z hodnoty pridanej |
| 610 | 2 | 0 | |a zákony |
| 610 | 2 | 0 | |a 1992 |
| 610 | 2 | 0 | |a 1994 |
| 610 | 2 | 0 | |a Slovensko |
| 610 | 2 | 0 | |a komentáre |
| 610 | 2 | 0 | |a 1995 |
| 610 | 2 | 0 | |a provizórium rozpočtové |
| 100 | 1 | |a Minársky, Ján | |